united kingdom of the Netherlands regions - Statistics

General Stats
  • This quiz has been taken 66 times
  • The average score is 9 of 17
Answer Stats
modern day Answer % Correct
NL Holland
80%
NL Zeeland
76%
NL North Brabant
73%
NL Friesland
69%
NL/BE Limburg
68%
NL Utrecht
64%
NL Groningen
61%
NL Drenthe
58%
NL Gelderland
56%
NL Overijssel
53%
BE Antwerp
51%
BE Liege
32%
BE Namur
31%
BE East Flanders
29%
BE West Flanders
29%
BE South Brabant
25%
BE Hainaut
22%
No matching quizzes found
Score Distribution
Percent of People with Each Score
Percentile by Number Answered
Your Score History
You have not taken this quiz